The music therapy sourcebook : (Record no. 1181)
[ view plain ]
| 000 -LEADER | |
|---|---|
| fixed length control field | 00925nam a2200301 a 4500 |
| 005 - DATE AND TIME OF LATEST TRANSACTION | |
| control field | 20260322212050.0 |
| 008 - FIXED-LENGTH DATA ELEMENTS--GENERAL INFORMATION | |
| fixed length control field | data |
| 010 ## - LIBRARY OF CONGRESS CONTROL NUMBER | |
| LC control number | 80012945/MN |
| 020 ## - INTERNATIONAL STANDARD BOOK NUMBER | |
| International Standard Book Number | 089885007X |
| 020 ## - INTERNATIONAL STANDARD BOOK NUMBER | |
| International Standard Book Number | 9780898850079 |
| 040 ## - CATALOGING SOURCE | |
| Original cataloging agency | CtY-Mus |
| Transcribing agency | CtY-Mus |
| 050 0# - LIBRARY OF CONGRESS CALL NUMBER | |
| Classification number | ML3920 |
| Item number | .S3627 |
| 096 ## - LOCALLY ASSIGNED NLM-TYPE CALL NUMBER (OCLC) | |
| Classification number | WB 550 S3855m 1981 |
| 001 - CONTROL NUMBER | |
| control field | data |
| 100 1# - MAIN ENTRY--PERSONAL NAME | |
| Personal name | Schulberg, Cecilia H. |
| 245 14 - TITLE STATEMENT | |
| Title | The music therapy sourcebook : |
| Remainder of title | a collection of activities categorized and analyzed / |
| Statement of responsibility, etc. | Cecilia H. Schulberg. |
| 260 0# - PUBLICATION, DISTRIBUTION, ETC. | |
| Place of publication, distribution, etc. | New York : |
| Name of publisher, distributor, etc. | Human Sciences Press, |
| Date of publication, distribution, etc. | c1981. |
| 300 ## - PHYSICAL DESCRIPTION | |
| Extent | 296 p. : |
| Other physical details | ill., music ; |
| Dimensions | 22 cm. |
| 500 ## - GENERAL NOTE | |
| General note | Includes index. |
| 504 ## - BIBLIOGRAPHY, ETC. NOTE | |
| Bibliography, etc. note | Discography: p. 260-271. |
| 504 ## - BIBLIOGRAPHY, ETC. NOTE | |
| Bibliography, etc. note | Bibliography: p. 278-287. |
| 504 ## - BIBLIOGRAPHY, ETC. NOTE | |
| Bibliography, etc. note | Filmography: p. 251-259. |
| 590 ## - LOCAL NOTE (RLIN) | |
| Local note | Bibliography: p. 278-287. |
| 590 ## - LOCAL NOTE (RLIN) | |
| Local note | Discography: p. 260-271. |
| 590 ## - LOCAL NOTE (RLIN) | |
| Local note | Filmography: p. 251-259. |
| 590 ## - LOCAL NOTE (RLIN) | |
| Local note | Includes music and index. |
| 650 #0 - SUBJECT ADDED ENTRY--TOPICAL TERM | |
| Topical term or geographic name entry element | Music therapy. |
| Withdrawn status | Lost status | Damaged status | Not for loan | Home library | Current library | Shelving location | Date acquired | Total checkouts | Full call number | Barcode | Date last seen | Price effective from | Koha item type |
|---|---|---|---|---|---|---|---|---|---|---|---|---|---|
| Franklin | Franklin | General stacks | 22/03/2026 | ML3920 .S3627 | BC0011219 | 22/03/2026 | 22/03/2026 | Books |